000 00326nam a22001337a 4500
003 OSt
008 231012b |||||||| |||| 00| 0 eng d
041 _amal
082 _a894.81209
_bCJS/KA
100 _aSmarakaprasangha Samathi
_95522
245 _aKavitha
260 _aKottayam :
_bNational Book Stall ,
_c1965
942 _cBK
999 _c17740
_d17740